Centroamérica 1995, en la senda de la paz y la globalización
Se comenta que durante 1995, la región centroamericana ha vivido una serie de procesos que contribuyen sustancialmente a modificar a la etapa de conflicto que caracterizó a la década de los ochenta y los primeros años de los noventa. La estabilización de los procesos de paz en Nicaragua y El Salvado...
Guardado en:
| Formato: | Texto |
|---|---|
| Materias: | |
| Etiquetas: |
Agregar Etiqueta
Sin Etiquetas, Sea el primero en etiquetar este registro!
|
MARC
| LEADER | 00000 a a2200000 04500 | ||
|---|---|---|---|
| 001 | 11382 | ||
| 003 | |||
| 040 | |||
| 245 | |a Centroamérica 1995, en la senda de la paz y la globalización | ||
| 520 | |a Se comenta que durante 1995, la región centroamericana ha vivido una serie de procesos que contribuyen sustancialmente a modificar a la etapa de conflicto que caracterizó a la década de los ochenta y los primeros años de los noventa. La estabilización de los procesos de paz en Nicaragua y El Salvador y su institucionalización mediante relevos de autoridades del Estado a través de elecciones libres y periódicas y establecimiento de consensos, además del proceso negociador que está dando todavía en Guatemala, han contribuido a estabilizar la situación interna de su vecino, Honduras, permitiéndole caminar hacia la desmilitarización de las principales estructuras estatales. Costa Rica por su parte, enfrenta una grave crisis de inestabilidad y recesión económica, producto del enorme gasto público ejercido por la actual administración y por la baja recaudación tributaria, además de no haber admitido en tiempo la necesidad de continuar con el proceso de reforma estatal inducido a través del programa de ajuste económico implantado bajo la anterior administración socialcristiana. Los avances en la desmilitarización y la pacificación para crear verdaderos estados de derecho, el establecimiento de acuerdos y consensos para la lucha contra la extrema pobreza, los avances en la concentración de objetivos comunes en el camino de la integración y los esfuerzos para modernizar las economías y no retrasarse en la carrera de la globalización económica que han caracterizado a la Centroamérica de 1995. HB/HMBQ | ||
| 650 | |a PAZ | ||
| 650 | |a LIBERALIZACION DEL INTERCAMBIO | ||
| 650 | |a AJUSTE ESTRUCTURAL | ||
| 650 | |a NEOLIBERALISMO | ||
| 650 | |a ESTADO | ||
| 650 | |a ELECCIONES | ||
| 650 | |a RECESION ECONOMICA | ||
| 650 | |a IMPUESTOS | ||
| 773 | |g volumen 26, número 110; páginas 1-15 | ||
| 999 | |c 35332 |d 35332 | ||
